[Varios geología] [ (Record no. 180737)
[ view plain ]
| 000 -LEADER | |
|---|---|
| campo de control de longitud fija | 01138ntm a2200229 i 4500 |
| 001 - NÚMERO DE CONTROL | |
| campo de control | 180737 |
| 003 - IDENTIFICADOR DE NÚMERO DE CONTROL | |
| campo de control | ES-MaACL |
| 005 - FECHA Y HORA DE LA ÚLTIMA TRANSACCIÓN | |
| campo de control | 20250929143019.0 |
| 008 - DATOS DE LONGITUD FIJA--INFORMACIÓN GENERAL | |
| campo de control de longitud fija | 120706q1837 sp |||| | spa d |
| 245 01 - MENCIÓN DEL TÍTULO | |
| Título | [Varios geología] [ |
| Medio | Manuscrito]. |
| 260 ## - PUBLICACIÓN, DISTRIBUCIÓN, ETC. | |
| Lugar de publicación, distribución, etc. | [S.l. : |
| Nombre del editor, distribuidor, etc. | s.n., |
| Fecha de publicación, distribución, etc. | ca. 1837] |
| 300 ## - DESCRIPCIÓN FÍSICA | |
| Extensión | [24] p. : |
| Otras características físicas | il. col. ; |
| Dimensiones | 22 cm. |
| 500 ## - NOTA GENERAL | |
| Nota general | Al final del texto: "Estos apuntes no son más, ignoro su autor lo único que recuerdo confusamente es que me los dio o prestó Madariaga Dn Juan, [firmado] Bauzá. |
| 505 8# - NOTA DE CONTENIDO CON FORMATO | |
| Nota de contenido con formato | Contiene: Desde Villanueva del Río a Lora, 1834 [8 p.] ; Riotinto: noticias dadas por el ingeniero D. Joaquín Ezquerra, 1837? [4 p.] ; 1834: apuntes sobre el terreno de Riotinto [12 p.] |
| 530 ## - NOTA DISPONIBLE DE FORMULARIO FÍSICO ADICIONAL | |
| Nota de formato físico adicional disponible | Disponible en formato digital. |
| 650 #4 - PUNTO DE ACCESO ADICIONAL DE MATERIA--TÉRMINO DE MATERIA | |
| Término de materia o nombre geográfico como elemento de entrada | Geología- |
| Subdivisión geográfica | España. |
| 9 (RLIN) | 138819 |
| 700 1# - ENTRADA AGREGADA--NOMBRE PERSONAL | |
| Nombre de persona | Bauzá, Felipe. |
| 9 (RLIN) | 26627 |
| 700 1# - ENTRADA AGREGADA--NOMBRE PERSONAL | |
| Nombre de persona | Ezquerra del Bayo, Joaquín, |
| Fechas asociadas al nombre | 1793-1859 |
| 9 (RLIN) | 48476 |
| 852 4# - LOCALIZACIÓN | |
| Ubicación | ES-MaACL |
| Número de control de estantería | T-1106-F-2 |
| Nota libre | - Legado Federico de Botella y de Hornos |
| 856 4# - LOCALIZACIÓN Y ACCESO ELECTRÓNICOS | |
| Identificador Uniforme de Recursos | <a href="https://bvpb.mcu.es/es/consulta/registro.do?id=577746 ">https://bvpb.mcu.es/es/consulta/registro.do?id=577746 </a> |
| Nota pública | Biblioteca Virtual del Patrimonio Bibliográfico |
| Estatus retirado | Estado de pérdida | Estado de daño | No para préstamo | Colección | Biblioteca de origen | Biblioteca actual | Ubicación en estantería | Fecha de adquisición | Fuente de adquisición | Total de préstamos | Signatura topográfica completa | Código de barras | Visto por última vez | Precio de reemplazo | Tipo de ítem Koha |
|---|---|---|---|---|---|---|---|---|---|---|---|---|---|---|---|
| Colección de folletos | Biblioteca del Ateneo de Madrid | Biblioteca del Ateneo de Madrid | Depósito folletos | 06/07/2012 | T-1106-F-2 | 1189925 | 23/02/2023 | 23/02/2023 | Folleto |
